Vzácne náleziská drahých kovov

Stručná charakteristika Zvolenského vyššieho územného samosprávneho celku. Administratívny vývoj. Hospodárstvo. Rozvojové príležitosti.

Enregistré dans:
Détails bibliographiques
Auteur principal: Rajčák, Milan
Format: Chapitre de livre
Langue:slovaque
Sujets:
Tags: Ajouter un tag
Pas de tags, Soyez le premier à ajouter un tag!

MARC

LEADER 00000naa a2200000 4500
001 r041846
005 20230927092638.4
041 0 |a slo 
044 |a SK 
245 1 0 |a Vzácne náleziská drahých kovov  |c Milan Rajčák 
520 |a Stručná charakteristika Zvolenského vyššieho územného samosprávneho celku. Administratívny vývoj. Hospodárstvo. Rozvojové príležitosti. 
610 2 0 |a členenie územné administratívne 
610 2 0 |a vyššie územné celky 
610 2 0 |a regióny 
610 2 0 |a správa verejná 
610 2 0 |a samospráva 
610 2 0 |a Slovensko 
100 1 |a Rajčák, Milan